书目信息 |
| 题名: |
涌现·青年建筑师作品
|
|
| 作者: | 林奇 , 徐卫国 编 | |
| 分册: | ||
| 出版信息: | 北京 中国建筑工业出版社 2006.09 |
|
| 页数: | 199页 | |
| 开本: | 23cm | |
| 丛书名: | ||
| 单 册: | ||
| 中图分类: | TU206 | |
| 科图分类: | ||
| 主题词: | 建筑设计--jian zhu she ji--世界--现代--图集 | |
| 电子资源: | ||
| ISBN: | 7-112-08529-2 | |
| 000 | 01113nam0 2200241 450 | |
| 001 | 012007539379 | |
| 005 | 20070428154707.51 | |
| 010 | @a7-112-08529-2@dCNY78.00 | |
| 100 | @a20061217d2006 km y0chiy0120 ea | |
| 101 | 0 | @achi@aeng |
| 102 | @aCN@b110000 | |
| 105 | @aa z 000yy | |
| 200 | 1 | @a涌现·青年建筑师作品@Ayong xian·qing nian jian zhu shi zuo pin@d= Emerging talents, emerging technologies - architects@e[中英文本]@f尼尔·林奇, 徐卫国编@Fni er·lin qi,xu wei guo bian@zeng |
| 210 | @a北京@c中国建筑工业出版社@d2006.09 | |
| 215 | @a199页@c图@d23cm | |
| 330 | @a本书为2006中国国际建筑艺术双年展“涌现”建筑展的青年建筑师作品集。该展览试图为48个极具潜力的年轻建筑事务所提供一个展示的窗口,着重展示设计和建造新技术的创造性应用。“涌现”建筑展的另一部分为学生建筑作品展,展出24所国际著名建筑院校的学生作品。 | |
| 510 | 1 | @aEmerging talents, emerging technologies - architects@zeng |
| 606 | 0 | @a建筑设计@Ajian zhu she ji@y世界@z现代@j图集 |
| 690 | @aTU206@v4 | |
| 701 | 1 | @a林奇@Alin qi@g(Leach, Neil)@4编 |
| 701 | 0 | @a徐卫国@Axu wei guo@4编 |
| 801 | 0 | @aCN@c20070428 |
| 905 | @a10447@dTU206@eL513 | |
| 涌现·青年建筑师作品= Emerging talents, emerging technologies - architects:[中英文本]/尼尔·林奇, 徐卫国编.-北京:中国建筑工业出版社,2006.09 |
| 199页:图;23cm |
| ISBN 7-112-08529-2:CNY78.00 |
| 本书为2006中国国际建筑艺术双年展“涌现”建筑展的青年建筑师作品集。该展览试图为48个极具潜力的年轻建筑事务所提供一个展示的窗口,着重展示设计和建造新技术的创造性应用。“涌现”建筑展的另一部分为学生建筑作品展,展出24所国际著名建筑院校的学生作品。 |
| ● |
| 相关链接 |
|
|
|
正题名:涌现·青年建筑师作品
索取号:TU206/L513
 
预约/预借
| 序号 | 登录号 | 条形码 | 馆藏地/架位号 | 状态 | 备注 |
| 1 | 235356 | 202353568 | 建筑与城市规划学院资料室/101建筑库 15排3列4层/ [索取号:TU206/L513] | 在馆 | |
| 2 | 235357 | 202353577 | 建筑库101/101建筑库 42排1列3层/ [索取号:TU206/L513] | 在馆 | |
| 3 | 235358 | 202353586 | 建筑库101/ [索取号:TU206/L513] | 在馆 |